Desarrollo de un modelo para estimar la carga con base en la energía eléctrica consumida
Сохранить в:
| Главный автор: | |
|---|---|
| Другие авторы: | |
| Формат: | |
| Опубликовано: |
San José, Costa Rica
1992
|
| Предметы: | |
| Метки: |
Добавить метку
Нет меток, Требуется 1-ая метка записи!
|
MARC
| LEADER | 00000nam a2200000Ia 4500 | ||
|---|---|---|---|
| 003 | 005491 | ||
| 005 | 20221231144322.0 | ||
| 008 | 140114s1992 cr a m 000 ||s d | ||
| 040 | |c cru CEDI | ||
| 090 | |a TFG 2623 | ||
| 100 | |a Ortiz Oviedo, Eduardo Alonso |9 8726 | ||
| 245 | |a Desarrollo de un modelo para estimar la carga con base en la energía eléctrica consumida | ||
| 260 | |c 1992 |a San José, Costa Rica | ||
| 300 | |a viii 43 hojas ; 28 cm | ||
| 500 | |a Proyecto de graduacion (bachillerato en ingenieria electrica)--Universidad de Costa Rica. Facultad de Ingenieria. Escuela de Ingenieria Electrica | ||
| 650 | |x TRANSFORMADORES ELECTRICOS |x DENSIDAD ELECTRICA |9 12399 | ||
| 700 | |9 12398 |a Rodríguez Cubillo, Roberth Fernando | ||
| 942 | |c TFG |2 ddc | ||
| 999 | |c 20082 |d 20082 | ||
